IMDB Top 100 Film Quiz - Statistics

Statistiche generali
  • Questo quiz è stato fatto 783 volte
    170 dall'ultimo reset
  • Il punteggio medio è 24 su 101
Statistiche sulle risposte
# Anno Attore / Regista Film % Corretto
2 1972 Marlon Brando Il padrino
89%
11 1994 Tom Hanks Forrest Gump
80%
27 1997 Roberto Benigni La vita è bella
70%
19 | 80 2019 Joaquin Phoenix Joker
66%
1 1994 Morgan Freeman Le ali della libertà
66%
12 1999 Brad Pitt Fight Club
64%
3 2008 Christian Bale Il cavaliere oscuro
64%
36 2000 Russell Crowe Il gladiatore
61%
8 1994 Samuel L. Jackson Pulp Fiction
61%
16 1999 Keanu Reeves Matrix
59%
54 2023 Cillian Murphy Oppenheimer
56%
17 1990 Joe Pesci Quei bravi ragazzi
48%
64 1980 Jack Nicholson Shining
48%
14 2010 Leonardo DiCaprio Inception
45%
33 2002 Adrien Brody Il pianista
44%
19 1995 Brad Pitt Se7en
44%
9 2001 Liv Tyler Il signore degli anelli - La compagnia dell'anello
43%
58 1981 Harrison Ford I predatori dell'arca perduta
39%
7 2003 Elijah Wood Il signore degli anelli - Il ritorno del re
38%
13 2002 Ian McKellan Il signore degli anelli - Le due torri
38%
35 2019 Bong Joon-Ho Parasite
38%
22 2014 Anne Hathaway Interstellar
37%
94 1968 Stanley Kubrick 2001: Odissea nello spazio
36%
79 2019 Robert Downey Jr. Avengers: Endgame
36%
31 1985 Michael J. Fox Ritorno al futuro
35%
32 2001 Hayao Miyazaki La città incantata
34%
24 1998 Tom Hanks Salvate il soldato Ryan
32%
6 1993 Liam Neeson Schindler's List
32%
23 1991 Jodie Foster Il silenzio degli innocenti
31%
18 1975 Jack Nicholson Qualcuno volò sul nido del cuculo
31%
56 2012 Jamie Foxx Django Unchained
30%
28 1999 Tom Hanks Il miglio verde
29%
40 2006 Leonardo DiCaprio The Departed - Il bene e il male
29%
4 1974 Al Pacino Il padrino - parte II
27%
99 1941 Orson Welles Quarto Potere
27%
47 2011 Omar Sy Quasi amici
27%
71 1999 Kevin Spacey American Beauty
25%
69 2009 Brad Pitt Bastardi senza gloria
24%
10 1966 Clint Eastwood Il Buono, il Brutto, il Cattivo
24%
21 1954 Akira Kurosawa I sette samurai
24%
96 1992 Steve Buscemi Le iene
24%
34 1960 Anthony Perkins Psycho
24%
48 1936 Charlie Chaplin Tempi moderni
24%
42 2006 Christian Bale The Prestige
24%
76 1995 Fabrizio Frizzi* Toy Story
24%
46 1942 Humphrey Bogart Casablanca
23%
29 1977 Harrison Ford Guerre stellari episodio IV - Una nuova speranza
22%
82 1997 Matt Damon Will Hunting - Genio ribelle
21%
78 1995 Mel Gibson Braveheart - Cuore impavido
20%
63 2018 Scarlett Johansson Avengers: Infinity War
19%
43 1995 Kevin Spacey I soliti sospetti
19%
55 1979 Marlon Brando Apocalypse Now
18%
15 1980 Carrie Fisher Guerre stellari episodio V - L'impero colpisce ancora
18%
84 1984 Robert De Niro C'era una volta in America
17%
65 1940 Charlie Chaplin Il grande dittatore
17%
52 1979 Sigourney Weaver Alien
16%
5 1957 Henry Fonda La parola ai giurati
16%
93 2004 Jim Carrey Se mi lasci ti cancello
16%
67 2018 Tommaso Di Giacomo* Spider-Man - Un nuovo universo
15%
41 2014 J.K. Simmons Whiplash
15%
90 2010 Fabrizio Frizzi* Toy Story 3
14%
39 1998 Edward Norton American History X
13%
37 1994 Vittorio Gassman* Il re leone
13%
57 2000 Guy Pearce Memento
13%
38 1994 Jean Reno Léon
12%
70 2012 Tom Hardy Il cavaliere oscuro - Il ritorno
11%
51 1954 Grace Kelly La finestra sul cortile
10%
50 1968 Charles Bronson C'era una volta il west
9%
62 1957 Kirk Douglas Orizzonti di gloria
8%
89 2000 Darren Aronofsky Requiem for a Dream
8%
92 1983 Billy Dee Williams Guerre stellari episodio VI - Il ritorno dello Jedi
7%
74 2017 Emiliano Coltorti* Coco
6%
100 1960 Jack Lemmon L'appartamento
6%
20 1946 James Stewart La vita è meravigliosa
6%
81 1997 Hayao Miyazaki Principessa Mononoke
6%
25 2002 Alexandre Rodrigues City of God
5%
98 1962 Peter O'Toole Lawrence d'Arabia
5%
53 1931 Charlie Chaplin Luci della città
5%
49 1988 Philippe Noiret Nuovo Cinema Paradiso
5%
73 2003 Min-sik Choi Oldboy
5%
30 1991 Linda Hamilton Terminator 2 - il giorno del giudizio
5%
44 1988 Isao Takahata Una tomba per le lucciole
5%
72 1964 Peter Sellers Il dottor Stranamore - Ovvero: come ho imparato a non preoccuparmi e ad amare la bomba
4%
68 1986 Paul Reiser Aliens - Scontro finale
3%
75 1984 F. Murray Abraham Amadeus
3%
87 1952 Gene Kelly Cantando sotto la pioggia
3%
95 2012 Mads Mikkelsen Il sospetto
3%
26 2023 Tommaso Di Giacomo* Spider-Man: Across the Spider-Verse
3%
91 1985 Aleksey Kravchenko Va' e vedi
3%
61 1950 Gloria Swanson Viale del tramonto
3%
97 1952 Akira Kurosawa Vivere
3%
59 2008 Stefano Crescentini* WALL-E
3%
83 2016 Makoto Shinkai Your Name.
3%
86 1963 Akira Kurosawa Anatomia di un rapimento
2%
66 1957 Marlene Dietrich Testimone d'accusa
2%
77 1981 Wolfgang Petersen U-Boot 96
2%
45 1962 Masaki Kobayashi Harakiri
1%
60 2006 Martina Gedeck Le vite degli altri
1%
85 2009 Aamir Khan 3 Idiots
0%
88 2018 Zain Al Rafeea Cafarnao - Caos e miracoli
0%
Nessun quiz corrispondente trovato
Distribuzione punteggi
Percentuale di utenti per punteggio
Percentile per numero di risposta
I tuoi punteggi nel tempo
Non hai fatto questo quiz dall'ultimo reset